[Event "Bundesliga 9596"]
[Site "Deutschland"]
[Date "1995.??.??"]
[Round "?.5"]
[White "Heissler, Jakob"]
[Black "Stangl, Markus"]
[Result "0-1"]
[WhiteElo "2445"]
[BlackElo "2560"]
[PlyCount "75"]
[EventDate "1995.10.??"]
[EventType "team"]
[EventRounds "15"]
[EventCountry "GER"]
[SourceTitle "Bundesliga 9596"]
[Source "DeepChess"]
[SourceDate "2005.01.01"]
[SourceVersion "1"]
[SourceVersionDate "2005.01.01"]
[SourceQuality "1"]
[WhiteTeam "SAbt SV Werder Bremen"]
[BlackTeam "SG Porz e.V."]
[WhiteTeamCountry "GER"]
[BlackTeamCountry "GER"]

1. e4 c5 2. Nf3 d6 3. d4 cxd4 4. Nxd4 Nf6 5. Nc3 a6 6. Be3 e5 7. Nb3 Be7 8. f3
Be6 9. Qd2 O-O 10. O-O-O a5 11. Bb5 Nc6 12. Kb1 Qb8 13. g4 Rc8 14. Nd5 Bxd5 15.
exd5 a4 16. Nc1 a3 17. b3 Nd4 18. Bxd4 exd4 19. Qxd4 Rc5 20. c4 Nxd5 21. cxd5
Rxb5 22. Qe3 Qd8 23. Ne2 Rc8 24. Rc1 Rxc1+ 25. Rxc1 Rxd5 26. f4 h6 27. Ng3 Bf6
28. Nh5 Bb2 29. Re1 Qd7 30. h3 Qb5 31. Qe8+ Qxe8 32. Rxe8+ Kh7 33. Re7 Rc5 34.
Re1 Rc3 35. Rh1 Rf3 36. Rg1 Rxh3 37. Ng3 Rh2 38. Nf5 0-1

[Event "Bundesliga 9596"]
[Site "Deutschland"]
[Date "1995.??.??"]
[Round "?.6"]
[White "Vogt, Lothar"]
[Black "Meins, Gerlef"]
[Result "1/2-1/2"]
[WhiteElo "2475"]
[BlackElo "2440"]
[PlyCount "55"]
[EventDate "1995.10.??"]
[EventType "team"]
[EventRounds "15"]
[EventCountry "GER"]
[SourceTitle "Bundesliga 9596"]
[Source "DeepChess"]
[SourceDate "2005.01.01"]
[SourceVersion "1"]
[SourceVersionDate "2005.01.01"]
[SourceQuality "1"]
[WhiteTeam "SG Porz e.V."]
[BlackTeam "SAbt SV Werder Bremen"]
[WhiteTeamCountry "GER"]
[BlackTeamCountry "GER"]

1. e4 c5 2. Nf3 Nc6 3. d4 cxd4 4. Nxd4 Nf6 5. Nc3 d6 6. Be2 e5 7. Nf3 h6 8. O-O
Be7 9. Re1 O-O 10. h3 a6 11. Bf1 b5 12. a4 b4 13. Nd5 Nxd5 14. exd5 Na5 15. Bd2
Rb8 16. Re4 b3 17. Qe1 Nb7 18. cxb3 Nc5 19. Rb4 Bb7 20. Bc4 Qc7 21. a5 Kh8 22.
Be3 f5 23. Nd2 Bf6 24. Bxc5 Qxc5 25. Rb6 e4 26. Rd1 Qxa5 27. Rxd6 Rbd8 28. Re6
1/2-1/2

[Event "Bundesliga 9596"]
[Site "Deutschland"]
[Date "1995.??.??"]
[Round "?.7"]
[White "Meyer, Claus Dieter"]
[Black "Brunner, Lucas"]
[Result "1/2-1/2"]
[WhiteElo "2315"]
[BlackElo "2525"]
[PlyCount "93"]
[EventDate "1995.10.??"]
[EventType "team"]
[EventRounds "15"]
[EventCountry "GER"]
[SourceTitle "Bundesliga 9596"]
[Source "DeepChess"]
[SourceDate "2005.01.01"]
[SourceVersion "1"]
[SourceVersionDate "2005.01.01"]
[SourceQuality "1"]
[WhiteTeam "SAbt SV Werder Bremen"]
[BlackTeam "SG Porz e.V."]
[WhiteTeamCountry "GER"]
[BlackTeamCountry "GER"]

1. e4 c6 2. d4 d5 3. exd5 cxd5 4. Bd3 Nc6 5. c3 g6 6. Bf4 Bf5 7. Bxf5 gxf5 8.
Nd2 e6 9. Ngf3 Bd6 10. Bxd6 Qxd6 11. Qe2 Nf6 12. Ne5 Ne4 13. Nd3 Qc7 14. f3 Nd6
15. Ne5 O-O-O 16. Nxc6 Qxc6 17. O-O-O h5 18. g3 Kb8 19. Kb1 Rc8 20. Rc1 Ka8 21.
Nb3 Qc4 22. Qxc4 Nxc4 23. Rcg1 b6 24. Kc1 Kb7 25. Nd2 Nd6 26. Kd1 a5 27. Kc2 a4
28. Kd3 b5 29. Rg2 Rc6 30. Rgg1 Rhc8 31. a3 Nc4 32. Nxc4 bxc4+ 33. Ke3 Rb6 34.
Rg2 Kc6 35. h4 Kd6 36. Kf4 Ke7 37. Re1 Kf6 38. Re5 Kg6 39. Ree2 Rcb8 40. Rgf2
Re8 41. Rg2 f6 42. Re1 Kf7 43. Re3 Kg6 44. Re1 Kf7 45. Re3 Reb8 46. Ree2 R6b7
47. Rgf2 1/2-1/2

[Event "Bundesliga 9596"]
[Site "Deutschland"]
[Date "1995.??.??"]
[Round "?.8"]
[White "Mainka, Romuald"]
[Black "Hedke, Fred"]
[Result "0-1"]
[WhiteElo "2530"]
[BlackElo "2370"]
[PlyCount "80"]
[EventDate "1995.10.??"]
[EventType "team"]
[EventRounds "15"]
[EventCountry "GER"]
[SourceTitle "Bundesliga 9596"]
[Source "DeepChess"]
[SourceDate "2005.01.01"]
[SourceVersion "1"]
[SourceVersionDate "2005.01.01"]
[SourceQuality "1"]
[WhiteTeam "SG Porz e.V."]
[BlackTeam "SAbt SV Werder Bremen"]
[WhiteTeamCountry "GER"]
[BlackTeamCountry "GER"]

1. e4 e5 2. Nf3 Nc6 3. Bb5 d6 4. d4 exd4 5. Nxd4 Bd7 6. Nc3 Nf6 7. O-O Be7 8.
Bxc6 bxc6 9. b3 O-O 10. Bb2 Re8 11. Qf3 Bf8 12. Rfe1 c5 13. Nf5 g6 14. Ne3 Bg7
15. Nc4 Bc6 16. Na5 Bd7 17. h3 Re6 18. e5 Rxe5 19. Rxe5 dxe5 20. Rd1 Qe8 21.
Qe3 h5 22. Qxc5 Bf5 23. Nb5 Rd8 24. Rxd8 Qxd8 25. Nc6 Qd1+ 26. Kh2 Ne4 27. Ne7+
Kh7 28. Qxc7 Nxf2 29. Nxf5 Qh1+ 30. Kg3 Ne4+ 31. Kf3 gxf5 32. Bxe5 Qf1+ 33. Ke3
Qxb5 34. Bxg7 Kxg7 35. c4 Qb4 36. Kf4 Kg6 37. Qd8 Nf6 38. Qd4 a5 39. Kg3 a4 40.
bxa4 Qxa4 0-1

[Event "Bundesliga 9596"]
[Site "Deutschland"]
[Date "1995.??.??"]
[Round "?.2"]
[White "Smejkal, Jan"]
[Black "Kindermann, Stefan"]
[Result "1/2-1/2"]
[WhiteElo "2520"]
[BlackElo "2565"]
[PlyCount "41"]
[EventDate "1995.10.??"]
[EventType "team"]
[EventRounds "15"]
[EventCountry "GER"]
[SourceTitle "Bundesliga 9596"]
[Source "DeepChess"]
[SourceDate "2005.01.01"]
[SourceVersion "1"]
[SourceVersionDate "2005.01.01"]
[SourceQuality "1"]
[WhiteTeam "SK Passau 1869"]
[BlackTeam "SAbt SV Werder Bremen"]
[WhiteTeamCountry "GER"]
[BlackTeamCountry "GER"]

1. Nf3 f5 2. g3 Nf6 3. Bg2 g6 4. b3 Bg7 5. Bb2 O-O 6. O-O d6 7. d4 Ne4 8. c4
Nc6 9. Nbd2 Nxd2 10. Qxd2 e5 11. dxe5 dxe5 12. Qd5+ Kh8 13. Qxd8 Rxd8 14. Ng5
Rd2 15. Bc3 Rc2 16. Rac1 Rxc1 17. Rxc1 e4 18. Bxg7+ Kxg7 19. f3 h6 20. Nh3 exf3
21. exf3 1/2-1/2

[Event "Bundesliga 9596"]
[Site "Deutschland"]
[Date "1995.??.??"]
[Round "?.3"]
[White "Blatny, Pavel"]
[Black "Schlosser, Philipp"]
[Result "1/2-1/2"]
[WhiteElo "2535"]
[BlackElo "2500"]
[PlyCount "87"]
[EventDate "1995.10.??"]
[EventType "team"]
[EventRounds "15"]
[EventCountry "GER"]
[SourceTitle "Bundesliga 9596"]
[Source "DeepChess"]
[SourceDate "2005.01.01"]
[SourceVersion "1"]
[SourceVersionDate "2005.01.01"]
[SourceQuality "1"]
[WhiteTeam "SAbt SV Werder Bremen"]
[BlackTeam "SK Passau 1869"]
[WhiteTeamCountry "GER"]
[BlackTeamCountry "GER"]

1. e4 c5 2. c3 d5 3. exd5 Qxd5 4. d4 Nf6 5. Nf3 Nc6 6. dxc5 Qxc5 7. Na3 e5 8.
Nb5 Qe7 9. b3 Bg4 10. Ba3 Qd8 11. Bd6 Rc8 12. Be2 a6 13. Bxf8 Kxf8 14. Nd6 Rc7
15. Nc4 Qxd1+ 16. Rxd1 Ke7 17. Ne3 Rd8 18. Rxd8 Kxd8 19. Nd2 Be6 20. Bc4 Ke7
21. Ke2 b5 22. Bxe6 Kxe6 23. f3 Ne7 24. c4 Nc6 25. Rc1 Nd4+ 26. Kf2 g6 27. g4
Rc8 28. g5 Nd7 29. Ne4 Nc5 30. Nxc5+ Rxc5 31. Re1 bxc4 32. Nxc4 Kf5 33. h4 a5
34. Re4 f6 35. gxf6 Kxf6 36. Nxe5 Rc2+ 37. Ke1 Nf5 38. Nd7+ Kg7 39. Ra4 h5 40.
Ne5 Kf6 41. Nd3 Rh2 42. Rxa5 Nxh4 43. Ra6+ Kf5 44. Ra5+ 1/2-1/2

[Event "Bundesliga 9596"]
[Site "Deutschland"]
[Date "1995.??.??"]
[Round "?.4"]
[White "Schmidt, Peter"]
[Black "Knaak, Rainer"]
[Result "1/2-1/2"]
[WhiteElo "2405"]
[BlackElo "2540"]
[PlyCount "81"]
[EventDate "1995.10.??"]
[EventType "team"]
[EventRounds "15"]
[EventCountry "GER"]
[SourceTitle "Bundesliga 9596"]
[Source "DeepChess"]
[SourceDate "2005.01.01"]
[SourceVersion "1"]
[SourceVersionDate "2005.01.01"]
[SourceQuality "1"]
[WhiteTeam "SK Passau 1869"]
[BlackTeam "SAbt SV Werder Bremen"]
[WhiteTeamCountry "GER"]
[BlackTeamCountry "GER"]

1. d4 e6 2. Nf3 d5 3. c4 c6 4. Qc2 Bd6 5. Bg5 f6 6. Bh4 Ne7 7. e3 Na6 8. Nc3
O-O 9. a3 b6 10. Bd3 h6 11. O-O Nc7 12. e4 g5 13. Bg3 Bxg3 14. hxg3 g4 15. Nh2
dxe4 16. Be2 f5 17. Rad1 Qe8 18. Qd2 Qg6 19. Qf4 Ne8 20. f3 gxf3 21. gxf3 e3
22. Kh1 Ng7 23. Qxe3 f4 24. Qe4 Ngf5 25. Rg1 Nxg3+ 26. Rxg3 fxg3 27. Qxg6+ Nxg6
28. Rg1 Nf4 29. Rxg3+ Kh7 30. Bd1 Ba6 31. Ng4 Bxc4 32. Ne5 Bd5 33. Bc2+ Kh8 34.
Ne4 Rad8 35. Rg4 c5 36. dxc5 Bxe4 37. Bxe4 Rd1+ 38. Kh2 Rd2+ 39. Kh1 Rd1+ 40.
Kh2 Rd2+ 41. Kh1 1/2-1/2

[Event "Bundesliga 9596"]
[Site "Deutschland"]
[Date "1995.??.??"]
[Round "?.5"]
[White "Heissler, Jakob"]
[Black "Pichler, Juergen"]
[Result "1-0"]
[WhiteElo "2445"]
[BlackElo "2420"]
[PlyCount "63"]
[EventDate "1995.10.??"]
[EventType "team"]
[EventRounds "15"]
[EventCountry "GER"]
[SourceTitle "Bundesliga 9596"]
[Source "DeepChess"]
[SourceDate "2005.01.01"]
[SourceVersion "1"]
[SourceVersionDate "2005.01.01"]
[SourceQuality "1"]
[WhiteTeam "SAbt SV Werder Bremen"]
[BlackTeam "SK Passau 1869"]
[WhiteTeamCountry "GER"]
[BlackTeamCountry "GER"]

1. e4 e6 2. d3 d5 3. Nd2 c5 4. Ngf3 Nc6 5. g3 g6 6. Bg2 Bg7 7. O-O Nge7 8. exd5
exd5 9. d4 cxd4 10. Nb3 Bg4 11. h3 Bxf3 12. Qxf3 O-O 13. Bf4 Rc8 14. Rad1 b6
15. Rfe1 Qd7 16. a3 h6 17. h4 Rfe8 18. Re2 Red8 19. Rde1 d3 20. Qxd3 Bxb2 21.
Bxh6 Bf6 22. Qf3 Nf5 23. Bh3 Kh7 24. Bc1 Bg7 25. h5 Nfd4 26. hxg6+ Kg8 27. Nxd4
Nxd4 28. Qh1 Nxe2+ 29. Rxe2 Qb5 30. Qf3 Rc3 31. Qxf7+ Kh8 32. Re5 1-0

[Event "Bundesliga 9596"]
[Site "Deutschland"]
[Date "1995.??.??"]
[Round "?.6"]
[White "Baumhus, Reinhard"]
[Black "Meins, Gerlef"]
[Result "1/2-1/2"]
[WhiteElo "2360"]
[BlackElo "2440"]
[PlyCount "68"]
[EventDate "1995.10.??"]
[EventType "team"]
[EventRounds "15"]
[EventCountry "GER"]
[SourceTitle "Bundesliga 9596"]
[Source "DeepChess"]
[SourceDate "2005.01.01"]
[SourceVersion "1"]
[SourceVersionDate "2005.01.01"]
[SourceQuality "1"]
[WhiteTeam "SK Passau 1869"]
[BlackTeam "SAbt SV Werder Bremen"]
[WhiteTeamCountry "GER"]
[BlackTeamCountry "GER"]

1. e4 c5 2. Nc3 Nc6 3. g3 g6 4. Bg2 Bg7 5. d3 d6 6. Be3 e5 7. Qd2 Nge7 8. f4
Nd4 9. Nd1 exf4 10. Bxf4 d5 11. c3 Ndc6 12. Nf2 O-O 13. Nf3 dxe4 14. dxe4 Qxd2+
15. Nxd2 b6 16. O-O Ba6 17. Rfe1 Ne5 18. Bxe5 Bxe5 19. Ng4 Rad8 20. Rad1 Nc6
21. Nf3 Bg7 22. e5 h6 23. Rxd8 Rxd8 24. e6 Bc8 25. exf7+ Kxf7 26. Rf1 Kg8 27.
Nh4 Bxg4 28. Bxc6 g5 29. Ng6 Rd2 30. Bd5+ Kh7 31. Be4 Kg8 32. Ne7+ Kh8 33. Ng6+
Kg8 34. Ne7+ Kh8 1/2-1/2

[Event "Bundesliga 9596"]
[Site "Deutschland"]
[Date "1995.??.??"]
[Round "?.7"]
[White "Floegel, Ulrich"]
[Black "Goetz, Ralph"]
[Result "1/2-1/2"]
[WhiteElo "2360"]
[BlackElo "2335"]
[PlyCount "83"]
[EventDate "1995.10.??"]
[EventType "team"]
[EventRounds "15"]
[EventCountry "GER"]
[SourceTitle "Bundesliga 9596"]
[Source "DeepChess"]
[SourceDate "2005.01.01"]
[SourceVersion "1"]
[SourceVersionDate "2005.01.01"]
[SourceQuality "1"]
[WhiteTeam "SAbt SV Werder Bremen"]
[BlackTeam "SK Passau 1869"]
[WhiteTeamCountry "GER"]
[BlackTeamCountry "GER"]

1. e4 c5 2. Nf3 e6 3. d3 Nc6 4. g3 d5 5. Nbd2 Nge7 6. Bg2 g6 7. O-O Bg7 8. exd5
exd5 9. d4 cxd4 10. Nb3 Bg4 11. h3 Bxf3 12. Qxf3 a5 13. Re1 O-O 14. Bg5 a4 15.
Nc5 b6 16. Nd3 h6 17. Bf4 a3 18. b3 g5 19. Bd2 Qd6 20. Re2 Rfd8 21. Rae1 Ng6
22. Qf5 Nge7 23. Qg4 Ng6 24. f4 gxf4 25. Bxf4 Nxf4 26. Nxf4 Nb4 27. Re7 Qf6 28.
R1e5 Kh8 29. Nh5 Qxe5 30. Rxe5 Bxe5 31. Qf5 Re8 32. Bf1 d3 33. Bxd3 Bd4+ 34.
Kf1 Nxd3 35. Qxd3 Bb2 36. c3 Re5 37. Qd4 Rae8 38. Nf6 Rf5+ 39. Kg1 Re1+ 40. Kg2
Re2+ 41. Kg1 Re1+ 42. Kg2 1/2-1/2

[Event "Bundesliga 9596"]
[Site "Deutschland"]
[Date "1995.??.??"]
[Round "?.8"]
[White "Kaiser, Wolfgang"]
[Black "Hedke, Fred"]
[Result "0-1"]
[WhiteElo "2410"]
[BlackElo "2370"]
[PlyCount "126"]
[EventDate "1995.10.??"]
[EventType "team"]
[EventRounds "15"]
[EventCountry "GER"]
[SourceTitle "Bundesliga 9596"]
[Source "DeepChess"]
[SourceDate "2005.01.01"]
[SourceVersion "1"]
[SourceVersionDate "2005.01.01"]
[SourceQuality "1"]
[WhiteTeam "SK Passau 1869"]
[BlackTeam "SAbt SV Werder Bremen"]
[WhiteTeamCountry "GER"]
[BlackTeamCountry "GER"]

1. d4 d5 2. c4 e6 3. Nc3 Nf6 4. Bg5 Be7 5. e3 h6 6. Bh4 O-O 7. Nf3 b6 8. Rc1
Bb7 9. Be2 Nbd7 10. cxd5 exd5 11. O-O Ne4 12. Bg3 Nxg3 13. hxg3 a6 14. Qb3 c6
15. Rfd1 Bd6 16. e4 dxe4 17. Nxe4 Bc7 18. Nc5 Bc8 19. Nxd7 Bxd7 20. d5 c5 21.
d6 Bb8 22. Qd5 Ra7 23. Bd3 Qf6 24. Qb3 b5 25. Bb1 c4 26. Qe3 Re8 27. Qb6 Qd8
28. Qc5 Qc8 29. Qh5 Bg4 30. Qh4 Rd8 31. Rd4 Bxf3 32. gxf3 Rxd6 33. Rxd6 Bxd6
34. Rd1 Qf8 35. Qe4 g6 36. Qd5 Rd7 37. Bxg6 Rd8 38. Bc2 Be7 39. Qf5 Rxd1+ 40.
Bxd1 Bc5 41. Bc2 Qd6 42. Qc8+ Kg7 43. Qg4+ Kf8 44. Qc8+ Ke7 45. Kg2 Bxf2 46.
Qb7+ Kf6 47. Kxf2 Qd2+ 48. Kg1 Qc1+ 49. Kg2 Qxc2+ 50. Kh3 Qxb2 51. Qc8 Qe2 52.
Qh8+ Ke7 53. f4 Qe6+ 54. Kh2 b4 55. Qd4 b3 56. axb3 cxb3 57. Qc3 Qe2+ 58. Kh3
b2 59. Qc5+ Kf6 60. Qc3+ Kg6 61. f5+ Kxf5 62. Qc8+ Kf6 63. Qc3+ Kg6 0-1

[Event "Bundesliga 9596"]
[Site "Deutschland"]
[Date "1996.??.??"]
[Round "?.1"]
[White "Kindermann, Stefan"]
[Black "Rozentalis, Eduardas"]
[Result "1/2-1/2"]
[WhiteElo "2575"]
[BlackElo "2605"]
[PlyCount "71"]
[EventDate "1995.10.??"]
[EventType "team"]
[EventRounds "15"]
[EventCountry "GER"]
[SourceTitle "Bundesliga 9596"]
[Source "DeepChess"]
[SourceDate "2005.01.01"]
[SourceVersion "1"]
[SourceVersionDate "2005.01.01"]
[SourceQuality "1"]
[WhiteTeam "SAbt SV Werder Bremen"]
[BlackTeam "SK Zaehringen 1921"]
[WhiteTeamCountry "GER"]
[BlackTeamCountry "GER"]

1. e4 e5 2. Nf3 Nf6 3. d4 Nxe4 4. Bd3 d5 5. Nxe5 Bd6 6. O-O Bxe5 7. dxe5 Nc5 8.
f4 O-O 9. Nc3 c6 10. f5 Nbd7 11. Bf4 Re8 12. Re1 Qb6 13. Kh1 Qxb2 14. f6 g6 15.
Qd2 Nxd3 16. Qxd3 Nc5 17. Qe3 Ne6 18. Ne2 Qxc2 19. Bg3 Bd7 20. Rad1 b6 21. Nd4
Qc5 22. Bf2 Qf8 23. Qc1 Rac8 24. Nf3 Nc5 25. Be3 Ne4 26. Ng5 Bf5 27. e6 Rxe6
28. Nxe6 Bxe6 29. Rf1 c5 30. Bh6 Qd8 31. Bg7 Bf5 32. g4 Bxg4 33. Qh6 Bxd1 34.
Bh8 Qf8 35. Bg7 Qe8 36. Bh8 1/2-1/2

[Event "Bundesliga 9596"]
[Site "Deutschland"]
[Date "1996.??.??"]
[Round "?.3"]
[White "Knaak, Rainer"]
[Black "Siegel, Georg"]
[Result "0-1"]
[WhiteElo "2540"]
[BlackElo "2455"]
[PlyCount "76"]
[EventDate "1995.10.??"]
[EventType "team"]
[EventRounds "15"]
[EventCountry "GER"]
[SourceTitle "Bundesliga 9596"]
[Source "DeepChess"]
[SourceDate "2005.01.01"]
[SourceVersion "1"]
[SourceVersionDate "2005.01.01"]
[SourceQuality "1"]
[WhiteTeam "SAbt SV Werder Bremen"]
[BlackTeam "SK Zaehringen 1921"]
[WhiteTeamCountry "GER"]
[BlackTeamCountry "GER"]

1. d4 Nf6 2. c4 e6 3. Nc3 Bb4 4. e3 c5 5. Nge2 d5 6. a3 Bxc3+ 7. Nxc3 cxd4 8.
exd4 dxc4 9. Bxc4 Nc6 10. Be3 O-O 11. O-O b6 12. Qd3 Bb7 13. Rad1 Qc7 14. Qe2
Ne7 15. Nb5 Qc6 16. f3 Nfd5 17. Rc1 Nxe3 18. Qxe3 Qd7 19. Bd3 Nd5 20. Qe5 Ba6
21. a4 Rac8 22. Rxc8 Rxc8 23. Re1 Nb4 24. Bf1 h6 25. Re4 Bxb5 26. axb5 Qd5 27.
Rg4 g6 28. h4 h5 29. Rf4 Qb3 30. Re4 Nd5 31. Re2 Rc1 32. Qb8+ Kg7 33. Qe5+ Kh7
34. Qg5 Qd1 35. Rf2 f6 36. Qg3 Qxd4 37. Kh2 Ne3 38. Be2 Nf5 0-1

[Event "Bundesliga 9596"]
[Site "Deutschland"]
[Date "1996.??.??"]
[Round "?.4"]
[White "Mohr, Stefan"]
[Black "Heissler, Jakob"]
[Result "1/2-1/2"]
[WhiteElo "2440"]
[BlackElo "2450"]
[PlyCount "69"]
[EventDate "1995.10.??"]
[EventType "team"]
[EventRounds "15"]
[EventCountry "GER"]
[SourceTitle "Bundesliga 9596"]
[Source "DeepChess"]
[SourceDate "2005.01.01"]
[SourceVersion "1"]
[SourceVersionDate "2005.01.01"]
[SourceQuality "1"]
[WhiteTeam "SK Zaehringen 1921"]
[BlackTeam "SAbt SV Werder Bremen"]
[WhiteTeamCountry "GER"]
[BlackTeamCountry "GER"]

1. d4 Nf6 2. c4 d6 3. Nc3 Nbd7 4. e4 e5 5. Nf3 c6 6. Be2 a6 7. d5 cxd5 8. cxd5
b5 9. b4 Nb6 10. Be3 Bd7 11. Nd2 Be7 12. O-O O-O 13. Rc1 Qb8 14. Nb3 Nc4 15.
Bxc4 bxc4 16. Na5 Rc8 17. Rb1 Bd8 18. Qe2 Ng4 19. Bd2 Bb6 20. h3 Nf6 21. Nxc4
Bd4 22. Rfc1 Ra7 23. Na5 Rac7 24. Qe1 h6 25. Ne2 Rxc1 26. Rxc1 Rxc1 27. Nxc1
Qc7 28. Ncb3 Bb6 29. Qb1 Bb5 30. Be1 Qc8 31. Kh2 Qc7 32. f3 Ba7 33. Bd2 Qb6 34.
Qe1 Kh7 35. Qc1 1/2-1/2

[Event "Bundesliga 9596"]
[Site "Deutschland"]
[Date "1996.??.??"]
[Round "?.5"]
[White "Meins, Gerlef"]
[Black "Mann, Christian"]
[Result "1/2-1/2"]
[WhiteElo "2445"]
[BlackElo "2445"]
[PlyCount "73"]
[EventDate "1995.10.??"]
[EventType "team"]
[EventRounds "15"]
[EventCountry "GER"]
[SourceTitle "Bundesliga 9596"]
[Source "DeepChess"]
[SourceDate "2005.01.01"]
[SourceVersion "1"]
[SourceVersionDate "2005.01.01"]
[SourceQuality "1"]
[WhiteTeam "SAbt SV Werder Bremen"]
[BlackTeam "SK Zaehringen 1921"]
[WhiteTeamCountry "GER"]
[BlackTeamCountry "GER"]

1. d4 Nf6 2. c4 g6 3. Nc3 d5 4. Bf4 Bg7 5. e3 c5 6. dxc5 Qa5 7. Rc1 dxc4 8.
Bxc4 O-O 9. Nf3 Qxc5 10. Bb3 Qa5 11. O-O Na6 12. Ng5 e6 13. Qf3 Nc5 14. Bc4 Bd7
15. Bd6 Bc6 16. Qh3 Rfe8 17. Qh4 Qb6 18. b4 Ncd7 19. Rfd1 h6 20. Nge4 Nxe4 21.
Nxe4 a5 22. b5 Bxe4 23. Qxe4 Rac8 24. Ba3 Nf6 25. Qf3 Red8 26. Rxd8+ Qxd8 27.
Rd1 Qc7 28. Bb3 Qb6 29. Be7 Ne8 30. a4 Qc7 31. Ba3 Be5 32. g3 Nf6 33. Rc1 Qd7
34. Rxc8+ Qxc8 35. Be7 Qc3 36. Bxf6 Bxf6 37. Qd1 1/2-1/2

[Event "Bundesliga 9596"]
[Site "Deutschland"]
[Date "1996.??.??"]
[Round "?.6"]
[White "Schmaltz, Roland"]
[Black "Meyer, Claus Dieter"]
[Result "1/2-1/2"]
[WhiteElo "2455"]
[BlackElo "2330"]
[PlyCount "46"]
[EventDate "1995.10.??"]
[EventType "team"]
[EventRounds "15"]
[EventCountry "GER"]
[SourceTitle "Bundesliga 9596"]
[Source "DeepChess"]
[SourceDate "2005.01.01"]
[SourceVersion "1"]
[SourceVersionDate "2005.01.01"]
[SourceQuality "1"]
[WhiteTeam "SK Zaehringen 1921"]
[BlackTeam "SAbt SV Werder Bremen"]
[WhiteTeamCountry "GER"]
[BlackTeamCountry "GER"]

1. e4 c5 2. Nf3 Nc6 3. d4 cxd4 4. Nxd4 Nf6 5. Nc3 d6 6. Be2 e5 7. Nf3 h6 8. O-O
Be6 9. Re1 Be7 10. Bf1 O-O 11. h3 a6 12. a4 Rc8 13. b3 d5 14. exd5 Nxd5 15.
Nxd5 Qxd5 16. Bb2 Qxd1 17. Raxd1 f6 18. Nd2 Nb4 19. c3 Nc6 20. Bc4 Bxc4 21.
Nxc4 Rfd8 22. Nb6 Rxd1 23. Rxd1 Rd8 1/2-1/2

[Event "Bundesliga 9596"]
[Site "Deutschland"]
[Date "1996.??.??"]
[Round "?.7"]
[White "Babula, Vlastimil"]
[Black "Herbrechtsmeier, Christof"]
[Result "1-0"]
[WhiteElo "2540"]
[BlackElo "2330"]
[PlyCount "47"]
[EventDate "1995.10.??"]
[EventType "team"]
[EventRounds "15"]
[EventCountry "GER"]
[SourceTitle "Bundesliga 9596"]
[Source "DeepChess"]
[SourceDate "2005.01.01"]
[SourceVersion "1"]
[SourceVersionDate "2005.01.01"]
[SourceQuality "1"]
[WhiteTeam "SAbt SV Werder Bremen"]
[BlackTeam "SK Zaehringen 1921"]
[WhiteTeamCountry "GER"]
[BlackTeamCountry "GER"]

1. d4 Nf6 2. c4 g6 3. Nc3 d5 4. Nf3 Bg7 5. Qb3 dxc4 6. Qxc4 O-O 7. e4 Na6 8. e5
Nd7 9. e6 Nb6 10. exf7+ Kh8 11. Qb3 c5 12. h4 Bf5 13. h5 g5 14. Bxg5 cxd4 15.
Nh4 Qd6 16. Ne2 Nc5 17. Nxf5 Nxb3 18. Nxd6 Nxa1 19. Nf4 Be5 20. Ng6+ hxg6 21.
hxg6+ Kg7 22. Bd3 Rh8 23. Ne8+ Raxe8 24. Rh7+ 1-0

[Event "Bundesliga 9596"]
[Site "Deutschland"]
[Date "1996.??.??"]
[Round "?.1"]
[White "Hracek, Zbynek"]
[Black "Van der Sterren, Paul"]
[Result "0-1"]
[WhiteElo "2650"]
[BlackElo "2535"]
[PlyCount "76"]
[EventDate "1995.10.??"]
[EventType "team"]
[EventRounds "15"]
[EventCountry "GER"]
[SourceTitle "Bundesliga 9596"]
[Source "DeepChess"]
[SourceDate "2005.01.01"]
[SourceVersion "1"]
[SourceVersionDate "2005.01.01"]
[SourceQuality "1"]
[WhiteTeam "SAbt SV Werder Bremen"]
[BlackTeam "SV Castrop Rauxel 1923"]
[WhiteTeamCountry "GER"]
[BlackTeamCountry "GER"]

1. c4 e6 2. d4 Nf6 3. Nc3 d5 4. cxd5 Nxd5 5. e4 Nxc3 6. bxc3 c5 7. a3 cxd4 8.
cxd4 Be7 9. Nf3 O-O 10. Bc4 b6 11. Qe2 Bb7 12. O-O Nc6 13. Bb2 Na5 14. Bd3 Re8
15. Rfe1 Bf6 16. Rad1 Bc6 17. g3 g6 18. h4 Ba4 19. Rb1 Rc8 20. h5 Bg7 21. Kg2
Qe7 22. hxg6 hxg6 23. Rh1 Rc7 24. Rh4 Rec8 25. Qd2 Nc4 26. Bxc4 Rxc4 27. Qe3
Rc2 28. Ba1 Ra2 29. d5 e5 30. Rbh1 Rcc2 31. Rh8+ Bxh8 32. Rxh8+ Kxh8 33. Qh6+
Kg8 34. Bxe5 Rxf2+ 35. Kg1 Qxe5 36. Nxe5 Bb5 37. Qc1 Rg2+ 38. Kh1 Rh2+ 0-1

[Event "Bundesliga 9596"]
[Site "Deutschland"]
[Date "1996.??.??"]
[Round "?.2"]
[White "King, Daniel J"]
[Black "Kindermann, Stefan"]
[Result "1/2-1/2"]
[WhiteElo "2510"]
[BlackElo "2575"]
[PlyCount "46"]
[EventDate "1995.10.??"]
[EventType "team"]
[EventRounds "15"]
[EventCountry "GER"]
[SourceTitle "Bundesliga 9596"]
[Source "DeepChess"]
[SourceDate "2005.01.01"]
[SourceVersion "1"]
[SourceVersionDate "2005.01.01"]
[SourceQuality "1"]
[WhiteTeam "SV Castrop Rauxel 1923"]
[BlackTeam "SAbt SV Werder Bremen"]
[WhiteTeamCountry "GER"]
[BlackTeamCountry "GER"]

1. c4 g6 2. e4 Bg7 3. d4 d6 4. Nc3 Nf6 5. Nf3 O-O 6. h3 e5 7. dxe5 dxe5 8. Qxd8
Rxd8 9. Nd5 Nxd5 10. cxd5 c6 11. Bc4 b5 12. Bb3 Bb7 13. Bg5 Rd7 14. Rc1 a5 15.
Ke2 a4 16. dxc6 Nxc6 17. Bd5 Na5 18. Bxb7 Rxb7 19. Rhd1 f6 20. Be3 Nc4 21. Rc2
Bf8 22. Rd5 Rc8 23. Nd2 Kf7 1/2-1/2